[Event "Walsall op"]
[Site "Walsall"]
[Date "1992.??.??"]
[Round "7"]
[White "Martin, Andrew D"]
[Black "McNab, Colin Anderson"]
[Result "1-0"]
[WhiteElo "2420"]
[BlackElo "2480"]
[Annotator "Stohl,I"]
[PlyCount "77"]
[EventDate "1992.??.??"]
[EventType "swiss"]
[EventRounds "7"]
[EventCountry "ENG"]
[SourceTitle "CBM 032"]
[Source "ChessBase"]
[SourceDate "1993.02.01"]
[SourceVersion "1"]
[SourceVersionDate "1993.02.01"]
[SourceQuality "1"]

1. e4 g6 2. d4 d6 3. Nf3 Nf6 4. Bd3 (4. Nc3 Bg7 5. Be2 {-B08}) 4... Bg7 5. c3
O-O 6. Na3 (6. Bg5 h6 (6... Nc6 7. h3 h6 8. Be3 e5 9. Nbd2 b6 10. dxe5 Nxe5 11.
Nxe5 dxe5 12. Qe2 Nh5 $1 13. O-O-O Nf4 14. Bxf4 exf4 15. Bc4 Qe7 16. Bd5 Rb8
17. Nf3 Be6 18. Rhe1 Bxd5 19. Rxd5 c6 20. Rd3 Rbd8 $10 {Kholmov,R-Belov,I,
Voskresensk 1990,CBM 19}) 7. Bh4 Bg4 8. Nbd2 Nh5 9. O-O Qd7 10. Re1 e5 11. h3
Nf4 12. Bf1 Bh5 13. dxe5 dxe5 14. g4 g5 15. gxh5 gxh4 16. Nxh4 Kh7 $44 {
Ibragimov,I-Azmaiparashvili,Z,Dortmund op 1992,CBM 29}) 6... Nc6 (6... Nbd7 7.
O-O e5 8. dxe5 dxe5 9. b4 Re8 10. Nc4 Nh5 11. g3 Nb6 12. Nxb6 axb6 13. Bc4 Be6
14. Qe2 Qe7 15. Rd1 Nf6 16. Bg5 h6 17. Bxf6 Bxf6 18. a4 Kg7 19. Nd2 h5 $10 {
Krasenkov,M-Jaracz,P,Wisla BES 1992,TD 92_04}) 7. O-O (7. Nc2 Re8 $1 8. O-O e5
9. Re1 h6 10. h3 Bd7 11. Bd2 Qe7 (11... a5 $1 $132 {Krasenkov}) 12. b4 Nh7 13.
Be3 Qf8 14. b5 $14 {Krasenkov,M-Spraggett,K,Andorra 1991}) 7... e5 (7... Nd7 $5
8. Nc4 e5 9. dxe5 Ndxe5 10. Ncxe5 Nxe5 11. Nxe5 Bxe5 12. Be3 Qe7 13. Qd2 Bd7
14. Bc4 Bg7 15. f3 Be6 16. Bb3 {1/2:1/2,Pachman,L-Stohl,I,CSFR tt 1991/92}) 8.
dxe5 Nxe5 (8... dxe5 9. Nc4 $14) 9. Nxe5 dxe5 10. Nc4 Qe7 (10... Nh5 11. g3 Bg4
12. Qc2 $14) 11. Bg5 (11. b3 Rd8 12. Ba3 Qe8 $10 {/\Ne4,Bf8}) 11... h6 12. Bh4
Qe8 (12... Rd8 13. Qe2 $36 {/\f4}) 13. Ne3 c6 $6 (13... Be6 $142 $10) 14. Qb3
$1 $14 Nh5 15. a4 (15. Rfd1 Nf4 16. Bc4 b5 $132) 15... Bf6 (15... Nf4 16. Bc4
$14) (15... Kh8 $5 {/\f5<=>}) 16. Bxf6 Nxf6 17. f3 (17. Rfd1 Qe7 {/\Be6=})
17... Qe7 18. Bc4 {ץc8} Nh5 (18... Qc5 19. Kf2 {/\Qb4,Qa3_|_}) 19. Rfe1 (19.
Qb4 Qg5 $132) 19... Nf4 20. Rad1 h5 (20... Be6 21. g3 {/\} Bxc4 22. Qxc4 Ne6
23. Ng4 $16) 21. Rd2 Kg7 (21... Be6 22. g3 Bxc4 23. Nxc4 $16 {<->d}) 22. Qd1
$16 a5 (22... Be6 23. Bxe6 Nxe6 24. Rd7 $16) (22... h4 $5 23. b4 $36) 23. Kh1 (
23. g3 $142) 23... Qc5 $6 (23... h4 $8 {<=>}) 24. g3 Nh3 25. Bf1 Ng5 (25... Be6
26. Bxh3 Bxh3 27. Rd6 $16) 26. h4 Nh7 27. Bc4 $16 Re8 28. Qe2 Nf8 29. Red1 Be6
30. Kg2 (30. Bxe6 Rxe6 31. Nc4 $16) 30... Re7 31. Rd6 Rd7 (31... Rae8 32. Qd3
$16) 32. Rxd7 Bxd7 33. Ba2 Be6 (33... Re8 34. Nc4 $16 {/\Nd6}) 34. Bxe6 Nxe6
35. Rd7 b6 36. Qd2 Rd8 $6 (36... Re8 37. b4 axb4 38. cxb4 $16) 37. Rxd8 Nxd8
38. Nf5+ $1 Kf6 $4 $138 (38... gxf5 39. Qg5+ Kh8 40. Qxh5+ Kg7 41. Qg5+ Kh7 42.
Qxf5+ {/\Qg5-d8+-}) 39. Qxd8+ 1-0

[Event "Walsall op"]
[Site "Walsall"]
[Date "1992.??.??"]
[Round "5"]
[White "Nunn, John DM"]
[Black "McNab, Colin Anderson"]
[Result "1-0"]
[WhiteElo "2595"]
[BlackElo "2480"]
[Annotator "Stohl,I"]
[PlyCount "69"]
[EventDate "1992.??.??"]
[EventType "swiss"]
[EventRounds "7"]
[EventCountry "ENG"]
[SourceTitle "CBM 032"]
[Source "ChessBase"]
[SourceDate "1993.02.01"]
[SourceVersion "1"]
[SourceVersionDate "1993.02.01"]
[SourceQuality "1"]

1. e4 g6 2. d4 d6 3. Nc3 c6 (3... Nf6 4. Be3 a6 $5 5. f3 b5 6. Qd2 Nbd7 7. Nh3
c6 8. Nf2 Nb6 9. Bh6 Bxh6 10. Qxh6 e5 11. O-O-O Qe7 12. Kb1 Bb7 13. Qe3 Nfd7
14. g3 b4 15. Ne2 c5 16. dxc5 dxc5 17. Bh3 c4 18. Bxd7+ Nxd7 19. h4 h5 20. g4
hxg4 21. Nxg4 O-O-O $13 {Wolff,P-Zaichik,G,New York op 1992,TD 92_05}) 4. Be3
Nf6 5. Qd2 (5. h3 {/\} b5 $6 6. e5 $1 $16) 5... b5 (5... Nbd7 6. Nf3 Qc7 7. h3
b5 8. Bd3 Bb7 9. O-O a6 10. a4 b4 11. Ne2 c5 12. Ng3 c4 13. Be2 c3 $6 (13...
Nxe4 14. Qxb4 $36) 14. bxc3 bxc3 15. Qd3 Bg7 16. Ra3 Rc8 17. Rb1 d5 18. e5 Ne4
19. Ng5 $1 $16 {Schmittdiel,E-Lau,R,Bad Worishofen 1992,TD 92_03}) 6. Bd3 Nbd7
7. Nf3 Qc7 (7... e5 $142 8. dxe5 (8. h3 Bb7 9. a3 a6 10. O-O Bg7 11. Rfe1 O-O
12. Rad1 Re8 13. Bf1 $6 exd4 14. Bxd4 c5 15. Bxf6 Nxf6 16. Qxd6 Qxd6 17. Rxd6
Nxe4 18. Nxe4 Rxe4 19. Rxe4 Bxe4 $15 {^^_|_,Tolnai,T-Ghinda,M,Stara Zagora
zt-A 1990,CBM 17}) 8... dxe5 9. h3 a6 (9... a5 $5 10. a4 b4 11. Ne2 Qe7 12. O-O
Nc5 13. Ng3 Bg7 14. Bh6 O-O 15. Rfe1 Nxd3 16. cxd3 c5 {1/2:1/2,Ye
Jiangchuan-Torre,E,Shenzhen 1992,CBM 31}) (9... Bg7 $6 10. a4 b4 11. Ne2 a5 12.
c3 c5 13. cxb4 cxb4 14. O-O O-O 15. Rfd1 Bb7 16. Bb5 $1 Qb8 17. Ng3 Rc8 18.
Rac1 $16 {Nunn,J-Gelfand,B,Munich 1991,CBM 23}) 10. Bh6 Bxh6 11. Qxh6 Qe7 12.
O-O Bb7 13. Rfe1 Qf8 14. Qg5 h6 15. Qe3 Qe7 16. a4 Kf8 17. axb5 axb5 18. Rxa8+
Bxa8 19. Ne2 Kg7 $10 {Rasik,V-Pribyl,J,Prague ch-CS 1992}) (7... Ng4 $6 8. Bg5
b4 9. Ne2 Qb6 10. h3 Ngf6 11. O-O Bg7 12. Bh6 O-O 13. Bxg7 Kxg7 14. a3 bxa3 15.
Rxa3 $16 {Ye Jiangchuan-Antonio,R,Shenzhen 1992,CBM 31}) 8. O-O e5 $6 (8... Bb7
$5 {/\a6,e5}) 9. a4 $1 b4 10. Ne2 exd4 (10... a5 11. c3 $16) 11. Nexd4 c5 $2 (
11... a5 $5 {/\} 12. c3 Nc5) 12. Nb5 Qc6 13. Bc4 $1 $40 Bb7 (13... Nxe4 14. Qd5
$18) (13... a6 14. Bg5 $1 Be7 (14... axb5 15. Bxb5 {/\Bf6+-}) (14... h6 15.
Bxf6 Nxf6 16. e5 $18) 15. e5 dxe5 16. Bxf6 Bxf6 (16... Nxf6 17. Nxe5 $18) 17.
Nd6+ Ke7 18. Nxf7 $18 {/\Bd5}) 14. Bf4 a6 (14... Nxe4 15. Rfe1 Kd8 16. Bxf7 $1
$40 {/\Re4,Re1-e8#}) 15. Bd5 $5 (15. Nxd6+ Bxd6 16. Qxd6 Qxd6 17. Bxd6 Nxe4 18.
Rfe1 $16) 15... Nxd5 16. exd5 Qb6 $8 (16... Qxd5 $4 17. Nc7+ $18) 17. Rfe1+ Kd8
(17... Be7 18. Bxd6 axb5 19. Bxe7 $18) 18. Ng5 axb5 19. Nxf7+ Kc7 20. Nxh8 $18
Nf6 (20... Bg7 21. Nf7 {><d6}) (20... bxa4 21. Nf7 Nf6 22. Re6 $18) 21. a5 (21.
axb5 Rxa1 22. Rxa1 Nxd5 (22... Bxd5 23. Bg5 $18) 23. Bg3 $18 {/\Nf7}) 21...
Rxa5 22. Rxa5 Qxa5 23. Bg5 Nxd5 24. Nf7 {/\Bd8+-} Qa2 25. Nd8 Bc8 $8 26. b3 Nc3
27. h3 Qa8 28. Qf4 Bf5 (28... Bg7 29. Re7+ $18) 29. Ne6+ Bxe6 30. Rxe6 Qd5 31.
Qf7+ Kb6 32. Kh2 Bg7 33. Bf4 Bf8 $8 (33... Ne4 34. Rxd6+ $18) 34. Qd7 Ne4 35.
Re8 1-0

[Event "Ostrava"]
[Site "Ostrava"]
[Date "1993.??.??"]
[Round "?"]
[White "Keitlinghaus, Ludger"]
[Black "Vokac, Marek"]
[Result "1-0"]
[WhiteElo "2485"]
[BlackElo "2465"]
[Annotator "Stohl,I"]
[PlyCount "144"]
[EventDate "1993.09.??"]
[EventType "tourn"]
[EventRounds "9"]
[EventCountry "CZE"]
[EventCategory "10"]
[SourceTitle "CBM 038"]
[Source "ChessBase"]
[SourceDate "1994.02.01"]
[SourceVersion "1"]
[SourceVersionDate "1994.02.01"]
[SourceQuality "1"]

1. e4 d6 2. d4 Nf6 3. Nc3 c6 4. f4 Qa5 5. Bd3 e5 6. Nf3 (6. dxe5 dxe5 7. f5 b5
8. Bd2 $5 (8. Be3 Nbd7 9. Nf3 Ng4 10. Bg1 Bb4 11. a3 Bxc3+ 12. bxc3 Qxc3+ 13.
Kf1 Ngf6 14. Bf2 O-O 15. a4 a5 $17 {Bures,M-Pribyl,J/TCH-ch Luhacovice/1993/})
8... b4 $6 9. Nce2 Qb6 10. Nc1 Nbd7 11. Nb3 a5 12. Qe2 Ba6 13. Be3 c5 14. Nh3
Be7 15. Nf2 a4 16. Nd2 Qc6 17. g4 Kd8 18. O-O Ne8 19. Rad1 h6 20. Nc4 $16 {
Iruzubieta,JM-Belotti,B/Cannes op/1993/}) 6... Nbd7 $6 (6... Bg4 $142 7. Be3 (
7. Bd2 exd4 8. Nd5 Qd8 9. Nxf6+ Qxf6 10. O-O Nd7 11. Qe1 Bxf3 12. Rxf3 O-O-O
13. b4 d5 14. e5 Qe6 15. Qf2 c5 16. bxc5 Bxc5 17. Rb1 f6 $15 {Kotronias,
V-Adams,M/Chalkidiki Afitos/1993/}) 7... Nbd7 (7... Qb6 $142 $5 8. Qd2 exf4 9.
Bf2 $44) 8. Qd2 exf4 (8... Be7 9. O-O-O Bxf3 10. gxf3 O-O-O 11. Kb1 Kb8 12. Ne2
Qxd2 13. Rxd2 Nh5 14. fxe5 dxe5 15. c3 g5 $6 16. Ng3 Ng7 17. Bf1 f6 18. Bh3 Nb6
19. b3 Bd6 20. Rhd1 Kc7 21. a4 $16 {Emunds,HG-Pribyl,M/Stribrna Skalice/1993/})
9. Bxf4 Be7 (9... Bxf3 10. gxf3 Qb6 11. Be3 Qxb2 12. O-O $44) 10. O-O Qb6 11.
Be3 Bxf3 12. gxf3 O-O-O 13. Kh1 h6 14. Ne2 g5 15. Ng3 Rdg8 16. b4 Qd8 17. c4 h5
18. c5 h4 19. Nf5 dxc5 20. bxc5 $16 {Leko,P-Dolgener,T/Budapest Exp/1993/}) 7.
O-O (7. Qe2 Be7 8. Bd2 Qc7 9. O-O O-O 10. Kh1 exd4 11. Nxd4 Nc5 12. Nb3 Nxd3
13. cxd3 Re8 14. Rae1 Bf8 15. Qf3 Re7 16. f5 h6 17. d4 Nd7 18. Qg3 $16 {
Brodsky,M-Gaspariants,V/Katowice op/1992/}) 7... Be7 8. Kh1 O-O 9. Be3 (9. Qe1
Qc7 10. dxe5 $6 dxe5 11. fxe5 Nxe5 12. Nxe5 Qxe5 13. Bf4 Qh5 14. e5 Nd5 15.
Nxd5 cxd5 16. Qd2 Bg4 17. Rae1 Rac8 18. Be3 Bh4 19. Bf2 Rc6 $132 {Simacek,
P-Timchenko,V/Horni Becva/1993/}) 9... Ng4 $146 (9... b5 10. Qd2 b4 11. Ne2
exf4 12. Bxf4 d5 13. Ng3 (13. e5 $5 $36) 13... dxe4 14. Nxe4 Ba6 15. Nd6 Bxd3
16. Qxd3 Qd5 17. Nf5 Rfe8 18. a3 bxa3 19. c4 Qe4 20. Qxe4 Nxe4 21. Nxe7+ Rxe7
22. Rxa3 f6 $132 {Ulibin,M-Adams,M/Oakham/1990/}) 10. Bd2 exd4 (10... Qb6 11.
h3 {/\} exd4 12. Na4 Qc7 13. hxg4 b5 14. c3 bxa4 15. cxd4 $16) 11. Nxd4 Nc5 12.
Be2 Nf6 13. Bf3 $16 {()} (13. Nd5 Qd8 14. Nxe7+ Qxe7 {><e4}) (13. b4 Qxb4 14.
Nd5 Qxd4 15. Nxe7+ Kh8 $17) 13... Qb6 14. Nb3 Ncd7 (14... Nxb3 15. axb3 Be6 16.
Qe2 $36 {/\Be3,g4-g5}) 15. Qe2 Re8 16. Be3 Qc7 17. a4 Bf8 (17... a5 $142 $5 {
/\b6,Nc5}) 18. a5 $1 Kh8 19. Qf2 Qb8 20. Rad1 (20. Rfd1 $142 $16) 20... Qc7 21.
Ra1 $5 (21. Bxa7 $2 c5 $13) 21... Qb8 22. Rfd1 c5 (22... Be7 23. g4 Nf8 24. Rg1
$36) 23. h3 Qc7 24. Nd2 a6 25. Nc4 Rb8 {/\b5} 26. Rab1 b5 $8 27. axb6 Nxb6 28.
Nxd6 $1 Bxd6 29. e5 Bf8 (29... Bxe5 30. fxe5 Qxe5 31. Bxc5 $18 {/\Bd6}) 30.
exf6 gxf6 31. b3 (31. Ne4 Nc4 $132) 31... Bb7 32. Bxb7 Rxb7 (32... Qxb7 33.
Bxc5 Bxc5 34. Qxc5 Rg8 35. Rd2 $16) 33. Nd5 $1 Nxd5 34. Rxd5 {ק} c4 (34... Rc8
35. Rbd1 $16) 35. Bd4 Qc6 (35... cxb3 36. Bxf6+ Bg7 37. Qd4 $1 bxc2 $5 38.
Bxg7+ Kg8 39. Rc1 Rb1 40. Bh6 Rxc1+ 41. Kh2 Rh1+ 42. Kg3 f5 43. Rd7 Re3+ 44.
Kh4 $1 $18) 36. Qh4 $1 Bg7 37. Rc5 Qe6 38. f5 Qe2 39. Rxc4 $18 Rd7 40. c3 (40.
Bxf6 $5 Rd1+ 41. Kh2 $8 (41. Rxd1 Qxd1+ 42. Kh2 Qd6+ $19) 41... Rxb1 42. Bxg7+
Kxg7 43. Qg5+ Kf8 (43... Kh8 44. f6 $1 Rg8 (44... Qe5+ 45. Qxe5 Rxe5 46. Rc8+
$18) 45. Qxg8+ $1 $18) 44. Qh6+ Kg8 (44... Ke7 45. Rc7+ $18) 45. Rg4+ Qxg4 46.
hxg4 $18) (40. Qg4 $5 $18) 40... Qc2 41. Re1 Rdd8 42. b4 Qxf5 43. Rc5 Qd3 44.
Qf2 $16 h6 45. Kh2 (45. Rxe8+ Rxe8 46. Rc6 $16 (46. Bxf6 $2 Qd1+ 47. Kh2 Qd6+))
45... Kg8 46. Rxe8+ Rxe8 47. Qg3 Qf1 (47... Qxg3+ 48. Kxg3 $18) 48. Qf3 (48.
Qg4 $142 {/\Rf5->}) 48... Qxf3 49. gxf3 f5 $5 $8 50. Bxg7 Kxg7 51. Kg3 (51.
Rxf5 $2 Rc8 $10) 51... Re3 52. Kf4 Rd3 53. Rc6 h5 54. h4 f6 55. Kg3 Kg6 56. Rc7
$16 Re3 57. c4 Rc3 (57... Rb3 58. Rb7 Rc3 59. c5 a5 60. bxa5 Rxc5 61. a6 $16)
58. Rc6 Kf7 59. b5 $6 (59. c5 $1 Rc4 60. Rb6 a5 61. bxa5 Rxc5 62. a6 $18) 59...
axb5 (59... a5 60. c5 a4 61. b6 a3 62. b7 Rb3 63. Rb6 Rxb6 64. cxb6 a2 65. b8=Q
a1=Q 66. Qa7+ $18) 60. cxb5 Rb3 61. b6 Kg6 (61... Ke7 62. Kf4 Rb4+ 63. Kxf5
Rxh4 64. b7 Rb4 65. Rc7+ Kd6 66. Rh7 $18) 62. Rd6 $22 Rb4 63. Rc6 f4+ $2 (63...
Rb3 $142 64. Re6 $5 {/\} (64. Kf2 Rb4 65. Ke3 Rxh4 $10) (64. Rd6 Rb4 65. f4 Kf7
66. Rc6 Ke7 $10) 64... Kf7 65. Rd6 Kg6 66. Rc6 Rb4 67. f4 Rb3+ 68. Kf2 Rb4 69.
Ke3 $18) 64. Kf2 Rb2+ 65. Ke1 Rb3 66. Kd2 $1 Rxf3 67. Rc3 $18 Rf2+ (67... Rf1
68. Rb3 $18) 68. Kc1 Rf1+ 69. Kb2 f3 (69... Rf2+ 70. Rc2 {/\b7+-}) 70. b7 f2
71. b8=Q (71. Rf3 $5 $18) 71... Rb1+ 72. Kxb1 f1=Q+ (72... f1=Q+ 73. Rc1 Qd3+
74. Ka2 Qd2+ (74... Qa6+ 75. Kb2 Qe2+ 76. Rc2) 75. Qb2 Qd5+ 76. Kb1 $18) 1-0

[Event "Muenster"]
[Site "Muenster"]
[Date "1992.??.??"]
[Round "5"]
[White "Hoffmann, Michael"]
[Black "Jansa, Vlastimil"]
[Result "1/2-1/2"]
[WhiteElo "2425"]
[BlackElo "2455"]
[Annotator "Stohl,I"]
[PlyCount "81"]
[EventDate "1992.07.??"]
[EventType "tourn"]
[EventRounds "11"]
[EventCountry "GER"]
[EventCategory "8"]
[SourceTitle "CBM 031"]
[Source "ChessBase"]
[SourceDate "1992.12.01"]
[SourceVersion "1"]
[SourceVersionDate "1992.12.01"]
[SourceQuality "1"]

1. d4 d6 2. e4 Nf6 3. Nc3 g6 4. Bc4 Bg7 5. Qe2 Nc6 $5 6. e5 (6. Nf3 Bg4 7. Be3
O-O 8. Bb3 e5 9. dxe5 Nxe5 (9... dxe5 $5 $10) 10. h3 Nxf3+ 11. gxf3 Bh5 12.
O-O-O Nd7 13. Rhg1 Kh8 14. Nd5 Ne5 15. Rg3 f5 16. Nf4 fxe4 17. Nxh5 exf3 18.
Qd2 gxh5 19. Rdg1 $40 {Brenke,A-Chabannon,JL,Lippstadt 1991}) 6... Ng4 $5 (6...
Nxd4 7. exf6 Nxe2 8. fxg7 Rg8 9. Ngxe2 Rxg7 10. Bh6 Rg8 11. h4 Be6 12. Bd3 f6
13. O-O-O Qd7 14. Rhe1 O-O-O 15. Nf4 Bf7 16. Nfd5 Rde8 17. Bc4 $16 {|^,Kotz,
H-Klingerbiel,O,Oberwart op 1992}) 7. e6 (7. Bb5 O-O (7... dxe5 $5 8. d5 a6 9.
Ba4 b5 10. Bxb5 (10. Nxb5 $2 axb5 11. Qxb5 Rxa4 12. Qxa4 (12. Qxc6+ Bd7) 12...
Qxd5 $19) 10... axb5 11. Qxb5 O-O 12. Qxc6 Ba6 $44) 8. Bxc6 bxc6 9. h3 Nh6 10.
Nf3 c5 (10... Rb8 $5 $36) 11. dxc5 Bb7 12. Bf4 Rb8 13. O-O-O Ba8 14. Nd4 Qd7
15. e6 Qc8 16. c6 Nf5 17. Nxf5 gxf5 18. exf7+ Rxf7 19. Qc4 Qe8 $15 {Topakian,
R-Van Wely,L,Arnhem EU-chJ 1988-TD 88_09}) 7... f5 $8 (7... Nxd4 8. Qxg4 Nxc2+
9. Kd1 Nxa1 10. exf7+ Kf8 11. Qe2 $16 {פa1}) 8. d5 Na5 (8... Nce5 $2 9. Bb3 {
/\f4,פe5}) (8... Nd4 9. Qd1 c6 10. h3 Ne5 11. Qxd4 $1 Nf3+ 12. Nxf3 Bxd4 13.
Nxd4 $16) 9. h3 (9. Bd3 c6 10. Nf3 Nf6 $13) 9... Nf6 (9... Nxc4 $2 10. hxg4 $16
) 10. Nf3 c6 11. O-O O-O $13 (11... Nxc4 12. Qxc4 cxd5 13. Nxd5 O-O 14. Nd4 $16
{ץc8,()}) 12. Bb3 h6 $1 (12... Nxb3 13. axb3 cxd5 {/\Ne4} 14. Bg5 $1 h6 (14...
Ne4 15. Nxd5 Nxg5 16. Nxg5 Bxb2 17. Ra4 $40) 15. Bxf6 Rxf6 (15... Bxf6 16. Rad1
$16) 16. Nd4 {ץc8}) 13. Be3 (13. Rd1 $13) 13... Qe8 {/\g5,Qg6,Nb3,Nd5} (13...
Nxb3 14. axb3 Nxd5 15. Nxd5 cxd5 16. Bd4 $16) 14. a3 $6 (14. h4 b6 $5 $13)
14... Nxb3 15. cxb3 g5 $36 16. b4 Qg6 17. Bd4 f4 (17... g4 $142 $1 18. hxg4 (
18. Nh4 Qg5 19. g3 f4 $40) 18... fxg4 19. Nd2 (19. Nh4 Qg5 $17) 19... Nxd5 20.
Bxg7 Kxg7 21. Nxd5 cxd5 $15) 18. Rac1 Qf5 (18... h5 $5 $13) 19. Rfd1 a5 20.
Bxf6 Bxf6 21. Nd4 Bxd4 22. Rxd4 axb4 23. axb4 f3 $132 24. Qxf3 $8 (24. Qf1 fxg2
25. Qxg2 cxd5 26. Nxd5 Qxe6 {/\} 27. Nc7 Qf6 28. Qd5+ e6 $19) 24... Qxf3 25.
gxf3 Rxf3 26. h4 gxh4 27. Rxh4 Kh7 28. Ne4 Rf5 (28... cxd5 $4 29. Ng5+ $18) 29.
dxc6 bxc6 30. Rxc6 Bxe6 31. Rc7 Rg8+ 32. Kf1 Rg7 33. Nc3 Rgf7 34. Rh2 Rf4 $1
35. b5 Rb4 36. f4 $1 $8 {/\Re2<=>} Rfxf4+ 37. Ke1 Rf7 38. Re2 Bc4 39. Rexe7 $10
(39. Re4 $2 Rf1+ 40. Kd2 Rxb2+ 41. Ke3 Re1+ $17) 39... Rxe7+ 40. Rxe7+ Kg6 41.
Rd7 {[Stohl]} (41. Rd7 Bxb5 42. Rxd6+ Kg7 43. Rb6 Rxb2 $10) 1/2-1/2

[Event "Oakham YM"]
[Site "Oakham"]
[Date "1992.??.??"]
[Round "7"]
[White "Svidler, Peter"]
[Black "Hennigan, Michael"]
[Result "0-1"]
[WhiteElo "2465"]
[BlackElo "2375"]
[Annotator "Stohl,I"]
[PlyCount "70"]
[EventDate "1992.03.??"]
[EventType "swiss"]
[EventRounds "9"]
[EventCountry "ENG"]
[SourceTitle "CBM 030"]
[Source "ChessBase"]
[SourceDate "1992.10.01"]
[SourceVersion "1"]
[SourceVersionDate "1992.10.01"]
[SourceQuality "1"]

1. e4 d6 2. d4 Nf6 3. Nc3 g6 4. g3 Bg7 5. Bg2 O-O 6. Nge2 e5 7. h3 Nc6 8. Be3
Bd7 (8... exd4 9. Nxd4 Nxd4 10. Bxd4 Re8 (10... Be6 11. O-O Qd7 12. Kh2 Rfd8
13. f4 c5 14. Be3 Rac8 15. f5 $1 Bc4 16. Rf2 $16 {Prandstetter,E-Melich,J,
Praha CS-ch 1992}) 11. O-O Bd7 12. Re1 Bc6 13. b4 $5 a6 14. a4 Qc8 15. g4 b6 $6
16. e5 Bxg2 17. exf6 Rxe1+ 18. Qxe1 Bxh3 19. f3 Bxg4 $8 20. fxg7 Bxf3 21. Qg3
Bb7 22. Rf1 $16 {Khenkin,I-Zilberman,Y,Tel-Aviv 1992-CBM 30}) (8... a6 9. a4
Rb8 $5 10. O-O b5 11. axb5 axb5 12. Qd2 $6 (12. d5 $5 $14) 12... exd4 13. Nxd4
Nxd4 14. Bxd4 c5 15. Be3 b4 16. Ne2 Re8 17. f3 Qb6 18. Bf2 Ba6 19. Rfe1 d5 $1
20. exd5 Red8 $15 {Tibensky,R-Rasik,V,Bratislava ch-CS 1991}) 9. O-O a6 (9...
exd4 10. Nxd4 Re8 11. Re1 (11. Nde2 b5 $5 12. a3 a5 13. g4 b4 14. axb4 axb4 15.
Rxa8 Qxa8 16. Nd5 Nxd5 17. exd5 Ne5 18. b3 c5 19. Re1 Qc8 $15 {Svidler,
P-Makarjev,I,URS-chJ Jurmala-EXP 28}) 11... a6 12. Nxc6 $5 (12. a4 {-9...a6})
12... bxc6 (12... Bxc6 $142 $132) 13. Qd3 Qc8 14. Kh2 Rb8 15. b3 Re5 16. g4
Bxg4 17. hxg4 Nxg4+ 18. Kg1 Nxe3 19. Qxe3 Qg4 20. f3 Qh4 21. Ne2 Rh5 22. Rad1
$14 {Maliutin,E-Belotti,B,Forli op 1990}) 10. a4 exd4 11. Nxd4 Re8 12. Re1 (12.
Nde2 h5 $5 (12... Nb4 13. Nf4 a5 14. Re1 Bc6 15. Bd4 Re7 16. Qd2 Qf8 17. Re2
Rae8 18. Rae1 Nd7 19. Bxg7 Qxg7 20. b3 h5 21. h4 Nf6 $10 {Mohr,S-Kosten,A,
Altensteig 1989-CBM 14}) 13. Nf4 Ne5 14. b3 Bc6 15. Nfd5 Ned7 16. Qd2 Nc5 17.
Rae1 Bxd5 18. exd5 Nh7 19. Bd4 Qg5 $1 20. Qxg5 Nxg5 21. Bxg7 Kxg7 $10 {Magem,
J-Chernin,A,Pamplona 1991-CBM 28}) 12... Nb4 13. g4 $5 (13. Qd2 c5 14. Nb3 Bc6
15. Bf4 Nh5 16. Bg5 Bf6 17. Bh6 Qc7 18. Nd1 Bd7 19. g4 Ng7 20. c3 Nc6 21. Ne3
Be6 22. Nd5 Bxd5 23. exd5 (23. Qxd5 $5 $14) 23... Ne5 24. Re2 Qb6 $13 {Klinger,
J-Miles,A,Kusadasi op 1990-EXP 18}) 13... c5 14. Nde2 Bc6 15. Ng3 b6 {N,/\d5} (
15... Nd7 $13 {Bellon,J-Pein,M,Metz 1986}) 16. g5 (16. Nd5 Nxe4 $5 (16... Bxd5
17. exd5 {פb4,/\c3+-} Re5 18. c3 Nbxd5 19. g5 Nxe3 20. Rxe3 $16 Rxg5) (16...
Nbxd5 17. exd5 Bb7 $132 {/\Nd7-e5,Re5} 18. c3) 17. Bxe4 (17. Nxe4 Bxd5 18. Bg5
Qc7 $15 {/\} 19. c3 Bxe4 20. Bxe4 d5) 17... Rxe4 18. Nxe4 Bxd5 $13) 16... Nd7
17. f4 (17. Qxd6 $6 Ne5 $36 {><c2,/\Nc4|^}) (17. Qe2 Nf8 $1 18. Nd1 d5 19. c3
d4 20. cxb4 dxe3 $36 21. Nxe3) 17... Nf8 $13 18. Re2 (18. Qd2 Ne6 $5 19. f5 (
19. Nd5 Bxd5 20. exd5 Nd4 $36) 19... Nd4 20. f6 Nbxc2 $1 21. fxg7 (21. Bxd4
Nxe1 22. Rxe1 cxd4 23. Qxd4 Bf8 $15) 21... Nxa1 22. Rxa1 Nb3 23. Qd1 Nxa1 24.
Qxa1 d5 25. Bf4 $13) 18... Qc7 (18... Ne6 19. Rd2 Nd4 20. Nb1 $1 $16 {/\c3}) (
18... d5 19. exd5 Rxe3 20. Rxe3 Bd4 21. Nf1 Nxd5 22. Nxd5 Bxd5 23. Bxd5 Qxd5
24. Kh2 Rd8 25. Rd3 $16) 19. Qc1 Rad8 {/\d5|^} 20. Nd5 Bxd5 21. exd5 Rxe3 $10
22. Rxe3 Bd4 23. Raa3 Re8 24. Nf1 f5 $5 25. gxf6 $6 (25. Kh2 $142 Bxe3 26. Rxe3
Rxe3 27. Nxe3 Qg7 $132 {/\} 28. Nc4 $6 b5 29. axb5 axb5 30. Nxd6 $6 Qd7 $19)
25... Nd7 $36 26. f7+ Kxf7 27. Kh2 Bxe3 28. Nxe3 $2 {צa3} (28. Rxe3 $142 Nf6
29. Rxe8 Kxe8 $15) 28... Nf6 29. f5 Kg7 30. fxg6 hxg6 $17 31. Qd2 (31. c3 Nd3 (
31... Rxe3 32. Qxe3 Nc2 33. Qe6 Nxa3 34. bxa3 Qd7 $15) 32. Qd2 c4 $17) 31...
Qe7 32. Nc4 (32. Kg1 $142 $17) 32... Qe2 $1 $19 33. Qxe2 Rxe2 34. Re3 (34. Nxd6
Nxc2 {/\Ne3-+}) 34... Rxc2 35. Nxb6 Nbxd5 {[Stohl]} (35... Nbxd5 36. Nxd5 Nxd5
37. Rf3 $8 Rxb2 $19) 0-1